Normal view
MARC view
- TEXTBOOK DEE. ENGINEERING MECHANICS STATICS & DYNAMICS
Entry Topical Term
001 - CONTROL NUMBER
- control field: 113013
003 - CONTROL NUMBER IDENTIFIER
- control field: NUST
005 - DATE AND TIME OF LATEST TRANSACTION
- control field: 20230606102617.0
008 - FIXED-LENGTH DATA ELEMENTS
- fixed length control field: 230606|| aca||aabn | a|a d
040 ## - CATALOGING SOURCE
- Original cataloging agency: NUST
- Transcribing agency: NUST
150 ## - HEADING--TOPICAL TERM
- Topical term or geographic name entry element: TEXTBOOK DEE. ENGINEERING MECHANICS STATICS & DYNAMICS
670 ## - SOURCE DATA FOUND
- Source citation: Work cat.: (NUST)594911: Hibbeler, R.C., Engineering Mechanics Statics & Dynamics:, 2013.
